|
|
|
|
| LEADER |
00000naa2a2200000 4500 |
| 001 |
634277 |
| 005 |
20231101133813.0 |
| 035 |
|
|
|a (RuTPU)RU\TPU\conf\36062
|
| 035 |
|
|
|a RU\TPU\conf\36059
|
| 090 |
|
|
|a 634277
|
| 100 |
|
|
|a 20220523d2022 k y0rusy50 ca
|
| 101 |
0 |
|
|a rus
|
| 102 |
|
|
|a RU
|
| 105 |
|
|
|a y z 101zy
|
| 135 |
|
|
|a drcn ---uucaa
|
| 181 |
|
0 |
|a i
|
| 182 |
|
0 |
|a b
|
| 200 |
1 |
|
|a Влияние методов формования на свойства керамического материала на основе гидроксиапатита
|f О. О. Николаева, Н. М. Балтабаева
|g науч. рук. Т. А. Хабас
|
| 203 |
|
|
|a Текст
|c электронный
|
| 225 |
1 |
|
|a Химия и химическая технология неорганических веществ и материалов
|
| 230 |
|
|
|a 1 компьютерный файл (pdf; 1 035 Kb)
|
| 300 |
|
|
|a Заглавие с титульного экрана
|
| 320 |
|
|
|a [Библиогр.: с. 123 (2 назв.)]
|
| 461 |
|
1 |
|0 (RuTPU)RU\TPU\conf\36040
|t Химия и химическая технология в XXI веке
|o материалы XXIII Международной научно-практической конференции студентов и молодых ученых имени выдающихся химиков Л. П. Кулёва и Н. М. Кижнера, Томск, 16-19 мая 2022 г.
|o в 2 т.
|f Национальный исследовательский Томский политехнический университет (ТПУ); Инженерная школа природных ресурсов; Инженерная школа новых производственных технологий; Исследовательская школа химических и биомедицинских технологий.
|d 2022
|
| 463 |
|
1 |
|0 (RuTPU)RU\TPU\conf\36041
|t Т. 1
|v [С. 122-123]
|d 2022
|
| 610 |
1 |
|
|a труды учёных ТПУ
|
| 610 |
1 |
|
|a электронный ресурс
|
| 610 |
1 |
|
|a формование
|
| 610 |
1 |
|
|a свойства
|
| 610 |
1 |
|
|a керамические материалы
|
| 610 |
1 |
|
|a гидроксиапатиты
|
| 610 |
1 |
|
|a биорезорбируемые материалы
|
| 610 |
1 |
|
|a формование
|
| 610 |
1 |
|
|a обжиг
|
| 700 |
|
1 |
|a Николаева
|b О. О.
|
| 701 |
|
1 |
|a Балтабаева
|b Н. М.
|
| 702 |
|
1 |
|a Хабас
|b Т. А.
|c химик
|c профессор Томского политехнического университета, доктор технических наук
|f 1949-
|g Тамара Андреевна
|2 stltpush
|4 727
|
| 712 |
0 |
2 |
|a Национальный исследовательский Томский политехнический университет
|b Инженерная школа новых производственных технологий
|b Научно-образовательный центр Н. М. Кижнера
|h 7872
|2 stltpush
|3 (RuTPU)RU\TPU\col\23556
|
| 801 |
|
2 |
|a RU
|b 63413507
|c 20220623
|g RCR
|
| 856 |
4 |
|
|u http://earchive.tpu.ru/handle/11683/72375
|
| 942 |
|
|
|c BK
|